| 000 | 00366nam a22001097a 4500 | ||
|---|---|---|---|
| 999 |
_c23434 _d23434 |
||
| 003 | NUST | ||
| 005 | 20170620103605.0 | ||
| 008 | 131003b xxu||||| |||| 00| 0 eng d | ||
| 020 | _cAvailable | ||
| 040 |
_aDLC _bDLC _cRCMS |
||
| 082 | _a620.0068 NAS | ||
| 100 |
_aNasa _92871 |
||
| 245 |
_aNASA System Engineering Handbook _cNasa |
||
| 260 |
_aWashinton _bNASA _cc2007 |
||
| 300 |
_axvi,340,p: _bill: _c25,cm |
||
| 500 | _aIncludes with index | ||
| 538 | _iShelf No 1 Row No 4 | ||
| 650 |
_aAerospace engineering _92467 |
||
| 856 | _3Table of Content Only | ||
| 942 |
_2ddc _cBK |
||